Il capitán fracassa / (Record no. 71200)

MARC details
000 -LEADER
campo de control de longitud fija 00686nam a2200193 i 4500
001 - NÚMERO DE CONTROL
campo de control 71200
003 - IDENTIFICADOR DE NÚMERO DE CONTROL
campo de control ES-MaACL
005 - FECHA Y HORA DE LA ÚLTIMA TRANSACCIÓN
campo de control 20250805064137.0
007 - CAMPO FIJO DE DESCRIPCIÓN FÍSICA--INFORMACIÓN GENERAL
campo de control de longitud fija t|
008 - DATOS DE LONGITUD FIJA--INFORMACIÓN GENERAL
campo de control de longitud fija 040806s1958 it ||||1| ita d
100 1# - ENTRADA PRINCIPAL--NOMBRE DE PERSONA
Nombre de persona Gautier, Théophile,
Fechas asociadas al nombre 1811-1872
9 (RLIN) 170960
245 12 - MENCIÓN DEL TÍTULO
Título Il capitán fracassa /
Mención de responsabilidad, etc. Theophile Gautier ; traduzione e prefazione di Giuseppe Lipparini ; con cinquenta illustrazioni di Gustavo Doré.
260 ## - PUBLICACIÓN, DISTRIBUCIÓN, ETC.
Lugar de publicación, distribución, etc. [S.l. :
Nombre del editor, distribuidor, etc. Arnoldo Mondadori,
Fecha de publicación, distribución, etc. 1958] (
Fabricante Graf. Veronesi)
300 ## - DESCRIPCIÓN FÍSICA
Extensión 560 p., 58 lám. ;
Dimensiones 25 cm.
700 1# - ENTRADA AGREGADA--NOMBRE PERSONAL
Nombre de persona Lipparini, Guiseppe.
9 (RLIN) 72498
700 1# - ENTRADA AGREGADA--NOMBRE PERSONAL
Nombre de persona Doré, Gustave.
9 (RLIN) 45388
852 ## - LOCALIZACIÓN
Ubicación ES-MaACL
Número de control de estantería C-15464
Sublocalización o colección R.43568
Holdings
Estatus retirado Estado de pérdida Estado de daño No para préstamo Biblioteca de origen Biblioteca actual Ubicación en estantería Fecha de adquisición Fuente de adquisición Total de préstamos Signatura topográfica completa Código de barras Visto por última vez Precio de reemplazo Tipo de ítem Koha
        Biblioteca del Ateneo de Madrid Biblioteca del Ateneo de Madrid Ficheros 17/01/2008     C-15464 1074550 23/02/2023 23/02/2023 Libro impreso